Los grandes descubrimientos en el campo de la alimentación / (Record no. 77183)
[ view plain ]
| 000 -LEADER | |
|---|---|
| campo de control de longitud fija | 00763nam a2200193 i 4500 |
| 001 - NÚMERO DE CONTROL | |
| campo de control | 77183 |
| 003 - IDENTIFICADOR DE NÚMERO DE CONTROL | |
| campo de control | ES-MaACL |
| 005 - FECHA Y HORA DE LA ÚLTIMA TRANSACCIÓN | |
| campo de control | 20230906173117.0 |
| 007 - CAMPO FIJO DE DESCRIPCIÓN FÍSICA--INFORMACIÓN GENERAL | |
| campo de control de longitud fija | t| |
| 008 - DATOS DE LONGITUD FIJA--INFORMACIÓN GENERAL | |
| campo de control de longitud fija | 041007s1965 sp ||||1| spa d |
| 100 1# - ENTRADA PRINCIPAL--NOMBRE DE PERSONA | |
| Nombre de persona | Haller, Albert von. |
| 9 (RLIN) | 61590 |
| 245 14 - MENCIÓN DEL TÍTULO | |
| Título | Los grandes descubrimientos en el campo de la alimentación / |
| Mención de responsabilidad, etc. | Alberto von Haller ; traducido por Ricardo Olaran Osorio ; traducción revisada por Carlos de Corral Saleta ; obra ilustrada de Pablo Günther de Wupertal. |
| 260 ## - PUBLICACIÓN, DISTRIBUCIÓN, ETC. | |
| Lugar de publicación, distribución, etc. | Madrid : |
| Nombre del editor, distribuidor, etc. | Espasa-Calpe, |
| Fecha de publicación, distribución, etc. | 1965. |
| 300 ## - DESCRIPCIÓN FÍSICA | |
| Extensión | 351 p., 2 lám. : |
| Otras características físicas | il. ; |
| Dimensiones | 23 cm. |
| 700 1# - ENTRADA AGREGADA--NOMBRE PERSONAL | |
| Nombre de persona | Olarán Osorio, Ricardo. |
| 9 (RLIN) | 86656 |
| 700 1# - ENTRADA AGREGADA--NOMBRE PERSONAL | |
| Nombre de persona | Corral Saleta, Carlos de. |
| 9 (RLIN) | 40727 |
| 700 1# - ENTRADA AGREGADA--NOMBRE PERSONAL | |
| Nombre de persona | Günther de Wupertal, Pablo. |
| 9 (RLIN) | 60965 |
| 852 ## - LOCALIZACIÓN | |
| Ubicación | ES-MaACL |
| Número de control de estantería | C-26994 |
| Sublocalización o colección | R.56034 |
| Estatus retirado | Estado de pérdida | Estado de daño | No para préstamo | Biblioteca de origen | Biblioteca actual | Ubicación en estantería | Fecha de adquisición | Fuente de adquisición | Total de préstamos | Signatura topográfica completa | Código de barras | Visto por última vez | Precio de reemplazo | Tipo de ítem Koha |
|---|---|---|---|---|---|---|---|---|---|---|---|---|---|---|
| Biblioteca del Ateneo de Madrid | Biblioteca del Ateneo de Madrid | Depósito 2 | 17/01/2008 | C-26994 | 1080756 | 23/02/2023 | 23/02/2023 | Libro impreso |
